Welcome to CU Library Online Public Access Catalogue (OPAC)

Principles of modern microbiology / (Record no. 2607)

MARC details
000 -LEADER
fixed length control field 00747cam a22002174a 4500
001 - CONTROL NUMBER
control field 14347786
005 - DATE AND TIME OF LATEST TRANSACTION
control field 20250117104009.0
008 - FIXED-LENGTH DATA ELEMENTS--GENERAL INFORMATION
fixed length control field 060420s2008 mauab 001 0 eng
020 ## - INTERNATIONAL STANDARD BOOK NUMBER
International Standard Book Number 076371075X (alk. paper)
020 ## - INTERNATIONAL STANDARD BOOK NUMBER
International Standard Book Number 9780763710750 (alk. paper)
050 00 - LIBRARY OF CONGRESS CALL NUMBER
Classification number QR41.2
Item number .W52 2008
082 00 - DEWEY DECIMAL CLASSIFICATION NUMBER
Classification number 616.9/041
Edition information 22
100 1# - MAIN ENTRY--PERSONAL NAME
Personal name Wheelis, Mark.
245 10 - TITLE STATEMENT
Title Principles of modern microbiology /
Statement of responsibility, etc. Mark L. Wheelis.
260 ## - PUBLICATION, DISTRIBUTION, ETC.
Place of publication, distribution, etc. Sudbury, Mass. :
Name of publisher, distributor, etc. Jones and Bartlett Publishers,
Date of publication, distribution, etc. c2008.
300 ## - PHYSICAL DESCRIPTION
Extent xxviii, 496 p. :
Other physical details ill. (chiefly col.), col. maps ;
Dimensions 29 cm.
500 ## - GENERAL NOTE
General note Includes index.
650 #0 - SUBJECT ADDED ENTRY--TOPICAL TERM
Topical term or geographic name entry element Microbiology
Form subdivision Textbooks.
856 41 - ELECTRONIC LOCATION AND ACCESS
Materials specified Table of contents only
Uniform Resource Identifier <a href="http://www.loc.gov/catdir/toc/ecip0612/2006013044.html">http://www.loc.gov/catdir/toc/ecip0612/2006013044.html</a>
942 ## - ADDED ENTRY ELEMENTS (KOHA)
Source of classification or shelving scheme Library of Congress Classification
Koha item type Books
Suppress in OPAC No
999 ## -
-- 2607
-- 2607
Holdings
Withdrawn status Lost status Source of classification or shelving scheme Damaged status Not for loan Collection Home library Current library Shelving location Date acquired Total checkouts Full call number Barcode Date last seen Copy number Price effective from Koha item type
    Library of Congress Classification     Non-fiction Science Library (Miotso) Science Library (Miotso) General stacks 01/17/2025   QR41.2 .W52 WHE SLM00001876 01/17/2025 1 01/17/2025 Books
    Library of Congress Classification     Non-fiction Science Library (Miotso) Science Library (Miotso) General stacks 01/17/2025   QR41.2 .W52 WHE SLM00001877 01/17/2025 2 01/17/2025 Books
    Library of Congress Classification     Non-fiction Science Library (Miotso) Science Library (Miotso) General stacks 01/17/2025   QR41.2 .W52 WHE SLM00001878 01/17/2025 3 01/17/2025 Books
    Library of Congress Classification     Non-fiction Science Library (Miotso) Science Library (Miotso) General stacks 01/17/2025   QR41.2 .W52 WHE SLM00001879 01/17/2025 4 01/17/2025 Books
    Library of Congress Classification     Non-fiction Science Library (Miotso) Science Library (Miotso) General stacks 01/17/2025   QR41.2 .W52 WHE SLM00001880 01/17/2025 5 01/17/2025 Books
© 2023-2024 Copyright: Central University Libraries. All Rights Reserved | Created by: Mahone Tech Office